Models of teaching biology

Bibliographic Details
Main Author: Nayar K. , Dr Ajitha
Format: Book
Published: New Delhi : Anmol Publications , 2006
Subjects:

MARC

LEADER 00000cam a2200000 7i4500
001 0000018097
005 20080603.0
008 080603
020 |a 8126126094 
090 0 0 |a 570.71   |b NAY 
100 1 |a Nayar K. , Dr Ajitha 
245 1 0 |a Models of teaching biology   |c Dr Ajitha Nayar K 
260 |a New Delhi :   |b Anmol Publications ,   |c 2006 
650 0 |a Biology   |x study and teaching 
999 |a 0001019932   |b Book   |c Adult Collection   |e Perbadanan Perpustakaan Awam Johor